000 01016nam a2200241Ia 4500
999 _c5670
_d5670
003 OSt
005 20200702170549.0
008 191128s1986 ck ad fr 000 0 spa d
040 _aCO-JMR
_cCO-JMR
041 0 _aspa
082 0 4 _a336.205 /
_bP462d
_223
100 1 _aPerry Rubio, Guillermo Eduardo,
_eautor
_96533
245 1 0 _aDiez años de reformas tributarias en Colombia /
_cGuillermo Perry R. y Mauricio Cárdenas S.
250 _a1a. edición
260 _aBogotá :
_bUniversidad Nacional de Colombia,
_c1986
300 _a301 páginas :
_bgráficos a blanco y negro ;
_c23 cm.
504 _aBibliografía: páginas 295-301
505 0 _aLa evolución del sistema tributario -- Macroeconomía y reformas -- La microeconomía de las reformas -- La microeconomía de las reformas -- Temas especiales
650 1 4 _aReforma tributaria
_y1974-1984
_zColombia
_96534
650 1 4 _aDerecho tributario
_xreformas
_y1974-1984
_zColombia
_96535
700 1 _aCárdenas S., Mauricio,
_eautor
_96536
942 _2ddc
_cBK